LEADER 01811nam0 22003373i 450 001 VAN0123033 005 20231120042634.562 010 $a978-88-288-0816-9 100 $a20190802d2018 |0itac50 ba 101 $aita 102 $aIT 105 $a|||| ||||| 200 1 $aDelle società con partecipazione dello Stato o di enti pubblici$edelle società di interesse nazionale$fMonica Cossu 210 $aMilano$cGiuffrè Francis Lefebvre$d2018 215 $aXXI, 370 p.$d24 cm 316 $aSala consultazione - Scaffale 5$5IT-IT-CE0105 CONSXV.D.12art2449-2451 410 1$1001VAN0061348$12001 $aˆIl ‰codice civile. Commentario$1210 $aMilano$cGiuffrè.$v2449-2451 500 1$3VAN0197061$aDelle società con partecipazione dello Stato o di enti pubblici$91559458 517 1$3VAN0123034$aArtt. 2449-2451. 620 $dMilano$3VANL000284 700 1$aCossu$bMonica$3VANV008021$0279514 712 $aGiuffrè Francis Lefebvre $3VANV114891$4650 801 $aIT$bSOL$c20240503$gRICA 856 4 $u/sebina/repository/catalogazione/documenti/Delle societa con partecipazione dello Stato_UBG 4662.pdf$zDelle societa con partecipazione dello Stato_UBG 4662.pdf 899 $aBIBLIOTECA DEL DIPARTIMENTO DI ECONOMIA$1IT-CE0106$2VAN03 899 $aBIBLIOTECA DEL DIPARTIMENTO DI GIURISPRUDENZA$1IT-CE0105$2VAN00 912 $aVAN0123033 950 $aBIBLIOTECA DEL DIPARTIMENTO DI GIURISPRUDENZA$d00CONS XV.D.12 art2449-2451$e00UBG4662 20190802 Sala consultazione - Scaffale 5 950 $aBIBLIOTECA DEL DIPARTIMENTO DI ECONOMIA$d03PREST IVCd171 $e03BDE2438 20200721 996 $aDelle società con partecipazione dello Stato o di enti pubblici$91559458 997 $aUNICAMPANIA LEADER 01267nam0 22002893i 450 001 VAN0280174 005 20240731090315.412 017 70$2N$a9783110528077 100 $a20240731d2017 |0itac50 ba 101 $ager 102 $aDE 105 $a|||| ||||| 200 1 $aˆDie ‰?engagierte Literatur? und die Religion$ePolitische Autorschaft im literarischen Feld zwischen 1945 und 1990$fChristian Sieg 210 $aBerlin$cDe Gruyter$d2017 215 $aXI, 649 p.$cill.$d24 cm 410 1$1001VAN0280175$12001 $aStudien und Texte zur Sozialgeschichte der Literatur - Berlin$eDe Gruyter, 1981-$v146 620 $dBerlin$3VANL000066 700 1$aSieg$bChristian$3VANV232629$01608479 712 $aDe Gruyter $3VANV109804$4650 801 $aIT$bSOL$c20240802$gRICA 856 4 $uhttps://doi.org/10.1515/9783110528077$zE-book ? Accesso al full-text attraverso riconoscimento IP di Ateneo, proxy e/o Shibboleth 899 $aBIBLIOTECA CENTRO DI SERVIZIO SBA$2VAN15 912 $fN 912 $aVAN0280174 950 $aBIBLIOTECA CENTRO DI SERVIZIO SBA$d15CONS SBA EBOOK 14331 $e15EB 14331 20240731 996 $a?engagierte Literatur? und die Religion$94182898 997 $aUNICAMPANIA